ម៉ាស៊ីនកសិក្ម (Record no. 8699)

000 -LEADER
fixed length control field 00283nam a22001217a 4500
040 ## - CATALOGING SOURCE
Transcribing agency HS
082 ## - DEWEY DECIMAL CLASSIFICATION NUMBER
Classification number 631
100 ## - MAIN ENTRY--AUTHOR NAME
Personal name សួស ចំណាន
245 ## - TITLE STATEMENT
Title ម៉ាស៊ីនកសិក្ម
260 ## - PUBLICATION, DISTRIBUTION, ETC. (IMPRINT)
Place of publication RUA
Name of publisher សូស ចំណាន
Year of publication 2011
300 ## - PHYSICAL DESCRIPTION
Number of Pages 38p.
942 ## - ADDED ENTRY ELEMENTS (KOHA)
Koha item type សៀវភៅភាសាខ្មែរ
952 ## - LOCATION AND ITEM INFORMATION (KOHA)
Withdrawn status [LOCAL, KOHA] 0
952 ## - LOCATION AND ITEM INFORMATION (KOHA)
Withdrawn status [LOCAL, KOHA] 0
Holdings
Permanent Location Date acquired Koha item type Lost status Shelving location Barcode Current Location Full call number
Library Block B2016-08-09សៀវភៅភាសាខ្មែរ C252RUA043620Library Block B631 សួស 2011 C252
Library Block B2016-08-09សៀវភៅភាសាខ្មែរ C252RUA043086Library Block B631 សួស 2011 C252
មជ្ឈមណ្ឌលឯការនៃសាកលវិទ្យាល័យភូមិន្ទកសិកម្មចំការដូង

Powered by Koha